[Event "Four Nations Chess Challenge"]
[Site "Oslo NOR"]
[Date "2008.02.17"]
[Round "3"]
[White "Berzina,I"]
[Black "Agrest,S"]
[Result "1-0"]
[WhiteElo "2281"]
[BlackElo "2257"]

1.e4 d6 2.d4 Nf6 3.Nc3 e5 4.Nf3 Nbd7 5.Be2 Be7 6.O-O O-O 7.Re1 c6 8.a4 a5
9.h3 exd4 10.Nxd4 Nc5 11.Bf3 Qb6 12.b3 Re8 13.Bf4 Bd7 14.Qd2 Rad8 15.Rad1 Be6
16.Qe3 Bf8 17.Bg5 Ncd7 18.Be2 h6 19.Nxe6 Qxe3 20.Bxe3 fxe6 21.f4 d5 22.e5 Bb4
23.Bd2 Nh7 24.Bh5 Re7 25.Ne2 Bxd2 26.Rxd2 Nhf8 27.Nd4 g6 28.Bg4 Nc5 29.Bf3 Nfd7
30.g3 Rf8 31.Kg2 Nb8 32.h4 h5 33.Ne2 Nba6 34.Nd4 Nc7 35.c3 Ra8 36.Kh3 Kh7
37.Rg1 Rf7 38.g4 Rxf4 39.gxh5 gxh5 40.Rdg2 Rf7 41.Bxh5 Re7 42.Rg5 Kh8 43.Bg6 Rg7
44.h5 Ne4 45.Bxe4 Rxg5 46.Rxg5 dxe4 47.Rg4 e3 48.Re4 Rf8 49.Rxe3 Nd5 50.Rg3 Nc7
51.Rf3 Rxf3+ 52.Nxf3 b5 53.Nd4 bxa4 54.bxa4 c5 55.Nb3 Nd5 56.Nxc5 Nxc3 57.Kg4 Kg8
58.Kg5 Kf7 59.h6 Nd5 60.Nxe6  1-0

[Event "XXIV Open"]
[Site "Cappelle La Grande FRA"]
[Date "2008.02.18"]
[Round "3"]
[White "Mamedov,Nid"]
[Black "Lorscheid,G"]
[Result "1/2-1/2"]
[WhiteElo "2574"]
[BlackElo "2335"]

1.e4 d6 2.d4 Nf6 3.Nc3 e5 4.Nf3 Nbd7 5.Bc4 Be7 6.O-O O-O 7.Re1 c6 8.a4 b6
9.Ba2 a6 10.h3 Rb8 11.d5 c5 12.Bc4 Ne8 13.Qe2 Nc7 14.g4 Nf6 15.b3 b5 16.axb5 axb5
17.Bd3 Bd7 18.Bd2 Nfe8 19.Kh2 g6 20.Bh6 Ng7 21.Rg1 f6 22.Ra7 Rf7 23.Nd1 Ra8
24.Rxa8 Qxa8 25.Bd2 Kh8 26.Ne3 Qf8 27.Rg3 f5 28.gxf5 gxf5 29.exf5 Nxf5 30.Nxf5 Bxf5
31.Bxf5 Rxf5 32.Qe4 Qf7 33.c4 bxc4 34.bxc4 Ne8 35.Be3 Ng7 36.Kg2 Nh5 37.Rg4 Bd8
38.Bh6 Be7 39.Be3 Bd8 40.Nd2 Ba5 41.Nf1 Bc3 42.f3 Bd4 43.Bg5 Nf4+ 44.Bxf4 exf4
45.h4 h5 46.Rg5 Re5 47.Rxe5 Bxe5 48.Nd2 Qf6 49.Qe1 Qg6+ 50.Kf1 Qc2 51.Qe2 Qc1+
52.Kg2 Qc2 53.Kf1 Qc1+ 54.Kg2 Qc2 55.Kf1  1/2-1/2

[Event "XXIV Open"]
[Site "Cappelle La Grande FRA"]
[Date "2008.02.18"]
[Round "3"]
[White "Bijaoui,M"]
[Black "Kotronias,V"]
[Result "1/2-1/2"]
[WhiteElo "2365"]
[BlackElo "2628"]

1.e4 d6 2.d4 Nf6 3.Nc3 Nbd7 4.g4 h6 5.Be3 c5 6.h3 cxd4 7.Qxd4 a6 8.Bg2 b5
9.Nge2 Bb7 10.O-O Qc7 11.a4 e5 12.Qd1 b4 13.Nd5 Nxd5 14.exd5 Be7 15.a5 Rc8
16.Qd2 Nf6 17.Rfc1 Qd7 18.c4 bxc3 19.Nxc3 O-O 20.b3 Bd8 21.Qd3 Re8 22.b4 e4
23.Nxe4 Rxc1+ 24.Rxc1 Nxd5 25.Bd2 Re6 26.Rb1 Qe8 27.Ng3 Qb5 28.Qxb5 axb5
29.Rc1  1/2-1/2

[Event "XXIV Open"]
[Site "Cappelle La Grande FRA"]
[Date "2008.02.18"]
[Round "3"]
[White "Bok,B"]
[Black "Moser,E"]
[Result "0-1"]
[WhiteElo "2179"]
[BlackElo "2402"]

1.e4 d6 2.d4 Nf6 3.Nc3 Nbd7 4.Nf3 e5 5.Bc4 Be7 6.O-O O-O 7.Re1 c6 8.a4 Qc7
9.Bg5 h6 10.Bh4 Nb6 11.Ba2 Bg4 12.dxe5 dxe5 13.h3 Bh5 14.g4 Bg6 15.Bg3 Nbd7
16.Qe2 Bb4 17.Nh4 Bxc3 18.Nxg6 Bxe1 19.Nxf8 Bxf2+ 20.Bxf2 Nxf8 21.Rf1 Ng6
22.Be3 Nf4 23.Qf3 g5 24.Kh2 Rd8 25.Re1 Qa5 26.Rd1 Rxd1 27.Qxd1 Qxa4 28.Bxf4 gxf4
29.Qd8+ Kg7 30.Bb3 Qxe4 31.Qe7 Qe2+ 32.Kh1 Qe1+ 33.Kg2 Qg3+ 34.Kf1 Qxh3+
35.Ke1 Qg3+ 36.Kf1 Qf3+ 37.Ke1 Qe4+ 38.Kd1 Nd5  0-1

[Event "XXIV Open"]
[Site "Cappelle La Grande FRA"]
[Date "2008.02.18"]
[Round "4"]
[White "Hoolt,S"]
[Black "Chernyshov,K"]
[Result "1/2-1/2"]
[WhiteElo "2220"]
[BlackElo "2543"]

1.e4 d6 2.d4 Nf6 3.Nc3 c6 4.f4 g6 5.Nf3 Bg7 6.Bd3 O-O 7.O-O Bg4 8.Kh1 Nbd7
9.e5 Nd5 10.Ne4 Nb4 11.Be2 dxe5 12.c3 Nd5 13.dxe5 Qb6 14.h3 Bf5 15.Ng3 Rad8
16.Nxf5 gxf5 17.Qc2 e6 18.b4 f6 19.Nd4 Rde8 20.b5 c5 21.Nf3 fxe5 22.fxe5 Nxe5
23.Bd2 Ng6 24.Rae1 Qd6 25.Ng5 Be5 26.Rd1 Qe7 27.Bc4 Bc7 28.Nxe6 Qxe6 29.Bg5 Qe5
30.Bxd5+ Kh8 31.g3 Qxg3 32.Qg2 Qxc3 33.Rf3 Re1+ 34.Rxe1 Qxe1+ 35.Rf1 Qe5
36.Bxb7 f4 37.Bf3 Kg7 38.Qg4 h6 39.Qd7+ Kh8 40.Bxh6 Rg8 41.Rg1 Ne7 42.Bg5 Rxg5
43.Rxg5 Qxg5 44.Qxc7 Ng8 45.a4 Qf5 46.Kh2 Qc2+  1/2-1/2

[Event "XXIV Open"]
[Site "Cappelle La Grande FRA"]
[Date "2008.02.18"]
[Round "4"]
[White "Vitiugov,N"]
[Black "Kasparov,S"]
[Result "1-0"]
[WhiteElo "2609"]
[BlackElo "2458"]

1.d4 Nf6 2.Nc3 d6 3.e4 e5 4.Nf3 Nbd7 5.Be2 Be7 6.g4 h6 7.Rg1 c6 8.a4 Qc7
9.Be3 Nf8 10.h3 Ng6 11.Qd2 Bd7 12.a5 Nh7 13.Bc4 Ng5 14.Rg3 Ne6 15.Ne2 h5
16.Rg1 hxg4 17.hxg4 Rh3 18.Ng3 Nef4 19.Bf1 Bxg4 20.Bxh3 Nxh3 21.Rh1 Nhf4
22.Ng1 Ng2+ 23.Kf1 Nxe3+ 24.Qxe3 a6 25.Nf5 Bf6 26.f3 Bxf5 27.exf5 Nf8 28.dxe5 dxe5
29.Ne2 O-O-O 30.Ng3 e4 31.Nxe4 Bxb2 32.Rb1 Bd4 33.Qb3 g6 34.f6 Ne6 35.Rh7 Kb8
36.c3 Be3 37.Ke2 Ba7 38.Qxe6 fxe6 39.Rxc7 Kxc7 40.Rh1 Rd5 41.Rh7+ Kd8 42.Rh8+  1-0

[Event "10th TCh-Euro sen"]
[Site "Dresden GER"]
[Date "2008.02.18"]
[Round "8"]
[White "Dueckstein,A"]
[Black "Macdonald Ross,M"]
[Result "1/2-1/2"]
[WhiteElo "2252"]
[BlackElo "2154"]

1.e4 d6 2.d4 Nf6 3.Nc3 c6 4.f4 Qa5 5.Bd3 e5 6.Nf3 Nbd7 7.O-O Be7 8.Kh1 O-O
9.a3 Qc7 10.Qe1 exd4 11.Nxd4 Nc5 12.Bc4 Ncxe4 13.Nxe4 Nxe4 14.Qxe4 d5 15.Bxd5 cxd5
16.Qxd5 Rd8 17.Qe4 Qc4 18.Be3 Bf6 19.c3 Be6 20.Rad1 Bd5 21.Qc2 Re8 22.Rfe1 Be4
23.Qf2 Rad8 24.Nf3 b6 25.Rxd8 Rxd8 26.Nd2 Rxd2 27.Qxd2 Qc6 28.Kg1 h6 29.Rd1 Be7
30.Qd7 Qg6 31.Rd2 Bh4 32.Qh3 Be1 33.Qc8+ Kh7 34.Re2 Bf3 35.Qc4 Bxe2 36.Qxe2 Bh4
37.g3 Qb1+ 38.Kf2 Bf6 39.Bd4 Qh1 40.Ke3 Kg8 41.Bxf6 gxf6 42.c4 Qc1+ 43.Kd3 Kf8
44.Qd2 Qb1+ 45.Kc3 Kg7 46.Qe3 Qd1 47.Kb4 Qd7 48.c5 bxc5+ 49.Qxc5 Qd2+ 50.Qc3 Qxh2
51.Ka4 Qf2 52.b4 h5 53.b5 h4 54.gxh4 Qxf4+ 55.Qb4 Qg3 56.Qd4 Qc7 57.Kb4 Qe7+
58.Kb3  1/2-1/2

[Event "10th TCh-Euro sen"]
[Site "Dresden GER"]
[Date "2008.02.18"]
[Round "8"]
[White "Gehrmann,D"]
[Black "Van Bellen,H"]
[Result "1/2-1/2"]
[WhiteElo "1945"]
[BlackElo "1888"]

1.e4 d6 2.d4 Nf6 3.Nc3 Nbd7 4.Be2 e5 5.Nf3 c6 6.O-O h6 7.b3 Be7 8.Bb2 Qc7
9.a4 a5 10.Re1 Nf8 11.d5 g5 12.g3 Ng6 13.Kh1 Ng4 14.Kg2 Qd7 15.Bd3 Nf6 16.Rh1 Qh3+
17.Kg1 Rg8 18.Bf1 Qd7 19.Nd2 Qc7 20.Nc4 Nf4 21.f3 b5 22.axb5 cxb5 23.Ne3 b4
24.Na4 Bd7 25.Qd2 Ra7 26.Kf2 Kf8 27.Ke1 Ng6 28.Nc4  1/2-1/2

[Event "10th TCh-Euro sen"]
[Site "Dresden GER"]
[Date "2008.02.18"]
[Round "8"]
[White "Van Geffen,B"]
[Black "Villing,D"]
[Result "1-0"]
[WhiteElo "2150"]
[BlackElo "2209"]

1.e4 d6 2.d4 Nf6 3.Nc3 c6 4.f4 Qa5 5.Bd3 e5 6.Nf3 Bg4 7.Be3 Nbd7 8.O-O Be7
9.h3 Bh5 10.Qd2 Bxf3 11.Rxf3 exd4 12.Bxd4 O-O 13.a3 Qc7 14.Re1 Nc5 15.Bxc5 dxc5
16.e5 Nd7 17.Ne4 Rad8 18.Qe2 Rfe8 19.Rg3 g6 20.Qg4 f5 21.Qxf5 Bh4 22.Rxg6+ Kh8
23.Rh6 Nxe5 24.Rxh4 Nxd3 25.cxd3 Rxd3 26.Re2  1-0

[Event "60th ch-POL w"]
[Site "Krakow POL"]
[Date "2008.02.18"]
[Round "5"]
[White "Zawadzka,J"]
[Black "Golek,J"]
[Result "1/2-1/2"]
[WhiteElo "2410"]
[BlackElo "2044"]

1.e4 d6 2.d4 Nf6 3.Nc3 c6 4.f4 Qa5 5.Bd3 e5 6.dxe5 dxe5 7.Nf3 Bg4 8.h3 Bxf3
9.Qxf3 Nbd7 10.O-O Bd6 11.f5 O-O-O 12.a3 h5 13.Rb1 Qb6+ 14.Kh1 Be7 15.b4 Kb8
16.a4 Qc7 17.b5 Ka8 18.Bg5 Nc5 19.bxc6 bxc6 20.Bc4 Ng4 21.Bxe7 Qxe7 22.Ne2 Nf6
23.Bd3 Rd7 24.Nc1 Rhd8 25.a5 Rb7 26.Rxb7 Qxb7 27.Qg3 Qe7 28.Qe1 Qd6 29.a6 Rb8
30.Qe3 Rb6 31.Qg5 Qf8 32.Rd1 Nxa6 33.Bxa6 Rxa6 34.Nb3 Rb6 35.Qe3 Qe7 36.Na5 Nd7
37.Qc3 Qc5 38.Qd2 Nb8 39.Nb3 Qb4 40.Qe2 Rb7 41.Qxh5 a5 42.Qe2 a4 43.Ra1 Ra7
44.Nd2 Nd7 45.Qd3 Qb5 46.Nc4 Qc5 47.Na3 Kb8 48.c3 Kc7 49.Nc2 Qb5 50.Qe3 Qb6
51.Qc1 Nc5 52.Rb1 Nb3 53.Qg5 Qc5 54.Qxg7 Qxc3 55.Na3 Kb6 56.Qf8 Qc5 57.Qxc5+ Kxc5
58.h4 f6 59.Kh2 Kb4 60.Nc2+ Kc3 61.Na3 Kb4 62.Nc2+ Kc3 63.Na3 Kb4  1/2-1/2

[Event "Aeroflot Open"]
[Site "Moscow RUS"]
[Date "2008.02.18"]
[Round "5"]
[White "Timofeev,Arty"]
[Black "Bocharov,D"]
[Result "1-0"]
[WhiteElo "2664"]
[BlackElo "2600"]

1.e4 d6 2.d4 Nf6 3.Nc3 e5 4.Nf3 Nbd7 5.Bc4 Be7 6.O-O O-O 7.Re1 c6 8.a4 b6
9.h3 a6 10.Ba2 Rb8 11.Nh4 exd4 12.Qxd4 Nc5 13.Nf3 Be6 14.Qd1 Bxa2 15.Rxa2 Re8
16.Nd4 Qd7 17.Qf3 d5 18.exd5 cxd5 19.Be3 Nce4 20.Nce2 Bc5 21.Raa1 Rbc8 22.c3 g6
23.Nf4 Kg7 24.Nd3 h6 25.a5 Ng5 26.Qd1 Ne6 27.axb6 Bxb6 28.Rxa6 Bxd4 29.cxd4 Qb5
30.Ra3 Ne4 31.Qf3 Re7 32.Rea1 Rcc7 33.Ra5 Qb3 34.h4 Kh7 35.Nf4 Nxf4 36.Qxf4 g5
37.Qf5+ Kg7 38.hxg5 hxg5 39.Bxg5 f6 40.Bf4 Rcd7 41.Qg4+  1-0

[Event "XXIV Open"]
[Site "Cappelle La Grande FRA"]
[Date "2008.02.19"]
[Round "5"]
[White "Bruned,B"]
[Black "Llorente Zaro,A"]
[Result "0-1"]
[WhiteElo "2217"]
[BlackElo "2435"]

1.e4 d6 2.d4 Nf6 3.Nc3 Nbd7 4.Nf3 e5 5.Bc4 Be7 6.O-O O-O 7.Re1 c6 8.a4 b6
9.b3 Bb7 10.Bb2 a6 11.Bd3 Re8 12.Ne2 Bf8 13.Ng3 b5 14.axb5 cxb5 15.Qd2 g6
16.c4 bxc4 17.Bxc4 Qb6 18.Bc3 Rac8 19.Qb2 Bh6 20.Ba5 Qa7 21.d5 Bf4 22.Qa3 Nc5
23.Nd2 Ng4 24.Re2 h5 25.Ngf1 f5 26.Qb4 Rf8 27.Bb6 Qb8 28.f3 Nf6 29.Ba5 Rf7
30.g3 Bh6 31.Kg2 Rcf8 32.Bb6 fxe4 33.fxe4 Nfd7 34.Bxc5 dxc5 35.Qc3 Qd6 36.Ne3 Bc8
37.Rf1 Nf6 38.Ref2 Bxe3 39.Rxf6 Bxd2 40.Rxd6 Bxc3 41.Rxf7 Kxf7 42.Rc6 Ke7
43.Bxa6 Bxa6 44.Rxa6 Rf6 45.Ra7+ Kd8  0-1

[Event "XXIV Open"]
[Site "Cappelle La Grande FRA"]
[Date "2008.02.19"]
[Round "5"]
[White "Zeberski,J"]
[Black "Cyborowski,L"]
[Result "1/2-1/2"]
[WhiteElo "2398"]
[BlackElo "2543"]

1.e4 d6 2.d4 Nf6 3.Nc3 e5 4.Nf3 Nbd7 5.Bc4 Be7 6.O-O O-O 7.Re1 a6 8.a4 b6
9.b3 Bb7 10.Bb2 Re8 11.Ng5 Rf8 12.Nf3 Re8 13.Ng5  1/2-1/2

[Event "10th TCh-Euro sen"]
[Site "Dresden GER"]
[Date "2008.02.19"]
[Round "9"]
[White "Seuss,O"]
[Black "Olgac,K"]
[Result "1-0"]
[WhiteElo "2170"]
[BlackElo "2131"]

1.e4 d6 2.d4 Nf6 3.Nc3 e5 4.dxe5 dxe5 5.Qxd8+ Kxd8 6.Bg5 Bd6 7.O-O-O Be6
8.f4 Ke8 9.Nf3 Nc6 10.Bxf6 gxf6 11.f5 Bd7 12.Nd5 Nb4 13.Nxf6+ Ke7 14.Nxd7 f6
15.Ndxe5 fxe5 16.c3 Nc6 17.g4 h6 18.Bc4 Bc5 19.h4 Be3+ 20.Kc2 Rad8 21.Rxd8 Kxd8
22.Rd1+ Ke7 23.g5 hxg5 24.hxg5 Rh3 25.f6+ Kf8 26.g6 Bh6 27.Rg1 Bg7 28.fxg7+ Kxg7
29.Ng5 Rh2+ 30.Kc1 Nd8 31.Ne6+ Nxe6 32.Bxe6 Rh4 33.Bf5 Rh2 34.Rd1 Kf6 35.Rd7 Rh1+
36.Kc2 Rh2+ 37.Kb3 Rg2 38.Rf7+ Kg5 39.Rxc7 Kf4 40.Rxb7 Ke3 41.Rd7 a5 42.a4  1-0

[Event "10th TCh-Euro sen"]
[Site "Dresden GER"]
[Date "2008.02.19"]
[Round "9"]
[White "Simon Padros,E"]
[Black "Mira,H"]
[Result "1-0"]
[WhiteElo "2251"]
[BlackElo "2153"]

1.e4 d6 2.d4 Nf6 3.Nc3 c6 4.f4 Qa5 5.Bd3 e5 6.Nf3 Nbd7 7.O-O exd4 8.Nxd4 Nc5
9.e5 Nxd3 10.exf6 Nxc1 11.Qe1+ Kd8 12.Qh4 g6 13.Raxc1 d5 14.Kh1 Bd7 15.f5 gxf5
16.Qh5 Kc7 17.Nxf5 Bb4 18.Ne2 Bxf5 19.Rxf5 Rad8 20.Qxf7+ Rd7 21.Qe6 Qxa2
22.Qe5+ Bd6 23.Qc3 Qc4 24.Qxc4 dxc4 25.Nd4 Rf7 26.Ne6+ Kc8 27.Rd1 Bc7 28.Ng5 Rd7
29.Rdf1 h6 30.f7 hxg5 31.f8=Q+ Rxf8 32.Rxf8+ Bd8 33.g3 a5 34.Kg2 a4 35.c3 b5
36.h4 gxh4 37.gxh4 Kc7 38.h5 Bg5 39.R8f7 Rxf7 40.Rxf7+ Kb6 41.Rf1 Bc1 42.Rf2 c5
43.h6 Bxh6 44.Rf6+ Ka5 45.Rxh6 b4 46.Rh8  1-0

[Event "II ch-Ibero-Americano Gp C"]
[Site "Morelia MEX"]
[Date "2008.02.19"]
[Round "5"]
[White "Guillen Ramirez,J"]
[Black "Matamoros Franco,C"]
[Result "1/2-1/2"]
[WhiteElo "2232"]
[BlackElo "2529"]

1.e4 d6 2.d4 Nf6 3.Nc3 Nbd7 4.f4 e5 5.Nf3 exd4 6.Qxd4 c6 7.Be3 d5 8.e5 Ng4
9.Bg1 Nh6 10.O-O-O Nf5 11.Qd3 Nc5 12.Qd2 h5 13.Kb1 Be7 14.Bf2 Be6 15.g3 Qc7
16.Bg2 b5 17.Ng5 Bxg5 18.Bxc5 Be7 19.Bxe7 Kxe7 20.Ne2 Qb6 21.h3 Ne3 22.Nd4 Nc4  1/2-1/2

[Event "18th ch-IRI"]
[Site "Tehran IRI"]
[Date "2008.02.21"]
[Round "7"]
[White "Sadeh,S"]
[Black "Ghorbani,M"]
[Result "1-0"]
[WhiteElo "2200"]
[BlackElo "2347"]

1.e4 c6 2.d4 d6 3.Nc3 Nf6 4.Bg5 Nbd7 5.f4 Qb6 6.Qd2 e5 7.Nf3 exf4 8.O-O-O Nh5
9.Bc4 Qc7 10.Rhe1 Nb6 11.Nd5 Qb8 12.Nxb6 axb6 13.d5 f6 14.e5 c5 15.exd6+ Kf7
16.d7 Bd6 17.dxc8=Q Rxc8 18.Qe2 Re8 19.Qxe8+ Qxe8 20.Rxe8 Rxe8 21.Bh4 g5
22.Be1 Ng7 23.Bd3 h5 24.Nd2 g4 25.Ne4 Be5 26.Bc3 f5 27.Bb5 Re7 28.d6 fxe4
29.dxe7 Bxc3 30.bxc3 Kxe7 31.Re1 e3 32.g3 f3 33.Rxe3+ Kf6 34.Kd2 Nf5 35.Re4 Nd6
36.Rf4+ Ke5 37.Bd3 b5 38.Bg6 Nc4+ 39.Rxc4  1-0

[Event "25th Festival Open A"]
[Site "Bled SLO"]
[Date "2008.02.23"]
[Round "1"]
[White "Kersic,M"]
[Black "Tratar,M"]
[Result "0-1"]
[WhiteElo "2199"]
[BlackElo "2507"]

1.e4 d6 2.d4 Nf6 3.Nc3 e5 4.dxe5 dxe5 5.Qxd8+ Kxd8 6.Bg5 c6 7.Bc4 Ke8 8.f3 Nbd7
9.a4 a5 10.Be3 Bc5 11.Kf2 Bxe3+ 12.Kxe3 Nb6 13.Bb3 Nfd7 14.Ba2 Nc5 15.b3 Ke7
16.Rd1 Be6 17.Bb1 Nbd7 18.f4 exf4+ 19.Kxf4 f6 20.Nf3 Bf7 21.Ne2 Ne6+ 22.Ke3 Ne5
23.h3 Rhd8 24.c4 Rab8 25.Bc2 Re8 26.Ned4 Nxd4 27.Rxd4 Nd7 28.Kd2 Bg6 29.Kc3 Ne5
30.Nxe5 fxe5 31.Rd2 Rbd8 32.Rxd8 Rxd8 33.Rf1 Rd4 34.Re1 Kf6 35.Re3 c5 36.Bd3 Kg5
37.Kd2 Kh4 38.Ke1 Bh5 39.Bc2 Rd6 40.Bd3 Rd4 41.Bc2 g5 42.Bd3 g4 43.hxg4 Bxg4
44.Kd2 Rd6 45.Ke1 Kg5 46.Be2 Kf4 47.Rc3 Bxe2 48.Kxe2 Rg6 49.Rf3+ Kxe4 50.Re3+ Kf4
51.Rf3+ Ke4 52.Re3+ Kf5 53.Rh3 Rxg2+ 54.Kf3 Rb2 55.Rh5+ Kg6 56.Rxe5 Rxb3+
57.Ke4 b6  0-1

[Event "XI Open"]
[Site "Malaga ESP"]
[Date "2008.02.23"]
[Round "1"]
[White "Martinez Rubi,A"]
[Black "Pakleza,Z"]
[Result "0-1"]
[WhiteElo "1989"]
[BlackElo "2492"]

1.e4 d6 2.d4 Nf6 3.Nc3 c6 4.Be3 Qb6 5.Qd2 Qxb2 6.Rb1 Qa3 7.Bc4 e6 8.Nf3 d5
9.exd5 exd5 10.Bd3 Bb4 11.Rb3 Qa5 12.O-O O-O 13.Rfb1 Bxc3 14.Qxc3 Qxc3 15.Rxc3 Nbd7
16.a4 Re8 17.a5 a6 18.Nd2 g6 19.h3 Nf8 20.Nb3 N6d7 21.Bf1 Ne6 22.Nc1 Nf6
23.Ne2 Nc7 24.Nf4 Nb5 25.Rcb3 Bf5 26.R1b2 Kg7 27.Nd3 Bxd3 28.Bxd3 Ne4 29.c4 dxc4
30.Bxc4 Rad8 31.Rd3 Ned6 32.Ba2 Nf5 33.Rbd2 Ne7 34.d5 Nxd5 35.Bxd5 cxd5 36.Bb6 Rd6
37.Rxd5 Ree6 38.Bc5 Rxd5 39.Rxd5 Rc6 40.Bb6 Nd6 41.Kf1 Kf6 42.Bd4+ Ke6 43.Re5+ Kd7
44.Re1 Rc4 45.Bb6 Rc2 46.Ra1 Nc4 47.Bd4 Nd2+ 48.Kg1 Nb3 49.Ra4 Nxd4 50.Rxd4+ Kc6
51.Rf4 f5 52.Rh4 h5 53.Rd4 Rc5 54.Ra4 b5 55.axb6 Kxb6 56.Ra3 a5 57.Rb3+ Ka6
58.Kf1 a4 59.Rg3 Kb5 60.Ke2 Rc6 61.Rd3 Ra6 62.Kd2 a3 63.Rb3+ Kc4 64.Rb1 a2
65.Ra1 Kb3  0-1

[Event "25th Festival Open A"]
[Site "Bled SLO"]
[Date "2008.02.24"]
[Round "2"]
[White "Pavasovic,D"]
[Black "Klenburg,M"]
[Result "1/2-1/2"]
[WhiteElo "2601"]
[BlackElo "2428"]

1.e4 d6 2.d4 Nf6 3.Nc3 e5 4.Nf3 Nbd7 5.Bc4 Be7 6.O-O O-O 7.Re1 c6 8.a4 a5
9.b3 h6 10.Bb2 Qc7 11.Bd3 Re8 12.Ne2 exd4 13.Nexd4 Ne5 14.h3 Nfd7 15.Bf1 Bf6
16.Nd2 Nc5 17.g3 Na6 18.f4 Nd7 19.Nc4 Ndc5 20.Bg2 Nb4 21.Qd2 Bd7 22.Rad1 Rad8
23.Bc3 Nxe4 24.Rxe4 Rxe4 25.Bxe4 d5 26.Ne2 Bxc3 27.Nxc3 dxc4 28.bxc4 Qb6+
29.Kh2 Qc5 30.Bg2 f5 31.Ne2 Qxc4 32.c3 Na6 33.Ng1 Nc5 34.Nf3 Ne4 35.Qb2 Nc5
36.Ne5 Qxa4 37.Qb6 Qxd1 38.Qxd8+ Kh7 39.Nf7 Ne6 40.Qh8+ Kg6 41.Ne5+ Kf6 42.Qa8 Qd6
43.Qxb7 Be8 44.Qa6 g5 45.fxg5+ hxg5 46.Nf3 Qc5 47.Qa8 Ke7 48.Nd4 Nxd4 49.cxd4 Qxd4
50.Qxa5 Bd7 51.Qa8 Qf6 52.Qa3+ Kf7 53.Qb3+ Qe6 54.Qc3 Kg6 55.Bf1 Qf6 56.Qc4 Kg7
57.Qd3 Be6 58.Bg2 c5 59.Qd6 c4 60.Qc7+ Kg6 61.g4 c3 62.Bf1 fxg4 63.Bd3+ Bf5
64.Bxf5+ Kxf5 65.Qc8+ Ke4 66.hxg4 Kf3 67.Qb7+ Kxg4 68.Qg2+ Kh5 69.Qh3+ Kg6
70.Qd3+ Kf7 71.Qd7+ Kf8 72.Qc8+ Ke7 73.Qc7+ Ke6 74.Qc6+ Kf7 75.Qd7+ Qe7 76.Qd5+ Qe6
77.Qf3+ Qf6 78.Qd5+ Kf8 79.Qa8+ Kg7 80.Qb7+ Qf7 81.Qc6 Qf2+ 82.Kh1 Qe1+ 83.Kg2 Qd2+
84.Kh1 Qd1+ 85.Kg2 c2 86.Qc7+ Kf6 87.Qc6+ Kf5 88.Qc5+ Kf4 89.Qc7+ Ke4 90.Qc6+ Kd4
91.Qd6+ Ke4 92.Qe6+ Kd3 93.Qd5+ Kc3 94.Qc5+ Kb3 95.Qb5+ Ka2 96.Qa4+ Kb1 97.Qb3+ Kc1
98.Qa3+ Kd2 99.Qa5+ Kd3 100.Qd5+ Kc3 101.Qc5+ Kd3  1/2-1/2

[Event "XI Open"]
[Site "Malaga ESP"]
[Date "2008.02.24"]
[Round "2"]
[White "Guadamuro Torrente,A"]
[Black "Fernandez Romero,Ern"]
[Result "0-1"]
[WhiteElo "2156"]
[BlackElo "2462"]

1.e4 d6 2.d4 Nf6 3.Nc3 c6 4.Nf3 Bg4 5.Be2 e6 6.O-O d5 7.exd5 cxd5 8.Ne5 Bxe2
9.Nxe2 Be7 10.c3 O-O 11.Ng3 Nc6 12.f4 g6 13.Qd3 Bd6 14.Kh1 Ne7 15.Bd2 h5
16.Rae1 h4 17.Ne2 Kg7 18.f5 Nxf5 19.Bg5 Be7 20.Bxf6+ Bxf6 21.Nf4 Bxe5 22.Rxe5 Re8
23.Qf3 Qg5 24.Nh3 Qh6 25.Rfe1 Re7 26.Qg4 Rae8 27.Ng1 Nd6 28.R5e2 Ne4 29.Nf3 f5
30.Qh3 g5 31.Ne5 g4 32.Qe3 Qxe3 33.Rxe3 Kf6 34.Rf1 Kg5 35.Nd3 b5 36.a3 a5
37.Kg1 Rf7 38.Nf4 b4 39.axb4 axb4 40.cxb4 Rc7 41.b5 Rb7 42.Nd3 Rxb5 43.b4 Rc8
44.Nc5 Rxb4 45.Nxe6+ Kf6 46.Nf4 Rxd4 47.Nxd5+ Kg5 48.Ne7 Rc5 49.Rfe1 Rc2
50.Kf1 Rf2+ 51.Kg1 Rdd2  0-1

[Event "XI Open"]
[Site "Malaga ESP"]
[Date "2008.02.24"]
[Round "3"]
[White "Karim,I"]
[Black "Pakleza,Z"]
[Result "1/2-1/2"]
[WhiteElo "2347"]
[BlackElo "2492"]

1.e4 d6 2.d4 Nf6 3.Nc3 e5 4.Nge2 Nbd7 5.g3 c6 6.a4 Be7 7.Bg2 O-O 8.O-O b6
9.h3 Bb7 10.g4 Ne8 11.b3 a6 12.Ng3 g6  1/2-1/2

[Event "ch-ROU"]
[Site "Cluj ROU"]
[Date "2008.02.25"]
[Round "1"]
[White "Bach,A"]
[Black "Badea,B"]
[Result "0-1"]
[WhiteElo "2225"]
[BlackElo "2491"]

1.e4 d6 2.d4 Nf6 3.Nc3 e5 4.Nf3 Nbd7 5.Bc4 Be7 6.a4 O-O 7.O-O c6 8.Ba2 b6
9.Qe2 a6 10.Rd1 exd4 11.Nxd4 Ne5 12.h3 Qc7 13.Bg5 Bd7 14.f4 Ng6 15.Nf5 Bxf5
16.exf5 Nh8 17.Re1 Bd8 18.Rad1 d5 19.Qe5 Qc8 20.g4 h6 21.Bxf6 Bxf6 22.Qe2 b5
23.Qd3 Qc7 24.Ne2 Rfe8 25.c3 Re4 26.Ng3 Qa7+ 27.Kg2 Rxa4 28.Bb3 Rxf4 29.Re2 Bh4
30.Rde1 Rf8 31.Qd2 Qb8 32.Nh5 Bxe1 33.Qxf4 Qxf4 34.Nxf4 Bh4 35.Nd3 a5 36.Nc5 a4
37.Bc2 Rd8 38.Nb7 Ra8 39.Kf3 Kf8 40.Nc5 Ra7 41.c4 Be7 42.cxb5 Bxc5 43.bxc6 Bd6
44.Rd2 f6 45.Rxd5 Nf7 46.Rb5 Ra6 47.Ke4 Ne5  0-1

[Event "Breizh Masters A"]
[Site "Guingamp FRA"]
[Date "2008.02.25"]
[Round "4"]
[White "Monroy,C"]
[Black "Janev,E"]
[Result "0-1"]
[WhiteElo "2380"]
[BlackElo "2485"]

1.d4 d6 2.e4 Nf6 3.Nc3 e5 4.Nf3 Nbd7 5.Bc4 Be7 6.O-O O-O 7.Re1 c6 8.a4 b6
9.b3 a6 10.d5 c5 11.Rb1 Ne8 12.Nd2 g6 13.Bf1 f5 14.b4 cxb4 15.Rxb4 Nef6 16.Nc4 Qc7
17.Ba3 Rb8 18.Qd2 Nc5 19.exf5 Bxf5 20.Reb1 Nfe4 21.Nxe4 Nxe4 22.Qe1 Bg5 23.Rxb6 Bd2
24.Qd1 Rxb6 25.Rxb6 Bc3 26.Bxd6 Nxd6 27.Rxd6 Bd4 28.Kh1 Bxf2 29.Rc6 Qg7 30.d6 Bd4
31.Rc7 Qf6 32.h3 Be6 33.Be2 Qh4 34.Qd3 Qe1+ 35.Kh2 Qg1+  0-1

[Event "18th ch-IRI"]
[Site "Tehran IRI"]
[Date "2008.02.26"]
[Round "13"]
[White "Vaghar,M"]
[Black "Salehian,Si"]
[Result "1-0"]
[WhiteElo "2237"]
[BlackElo "2101"]

1.e4 d6 2.d4 Nf6 3.Nc3 e5 4.Nf3 Nbd7 5.Bc4 Be7 6.O-O O-O 7.a4 c6 8.a5 Rb8
9.Qe2 b5 10.axb6 axb6 11.d5 Bb7 12.dxc6 Bxc6 13.Rd1 Qc8 14.Ra7 Ra8 15.Rxa8 Bxa8
16.Nh4 g6 17.Bh6 Re8 18.Nf3 Ng4 19.Bc1 Ngf6 20.b3 Kg7 21.h3 Nc5 22.Ng5 Rf8
23.Qe3 Ng8 24.Bb2 f6 25.Nf3 f5 26.exf5 Qxf5 27.Bd5 Nf6 28.Bxa8 Rxa8 29.b4 Ne6
30.Qxb6 Rd8 31.Qc6 Nf4 32.b5 Qxc2 33.Rd2 Qf5 34.b6 Qd7 35.Nxe5 Qe6 36.Nf3 Rc8
37.Qa4 Rc4 38.Qa8 Rb4 39.b7 Qg8 40.g3 Ne6 41.Nd5 Rb3 42.Nxe7 Qf7 43.b8=Q Rxb8
44.Qxb8  1-0

[Event "XI Open"]
[Site "Malaga ESP"]
[Date "2008.02.28"]
[Round "7"]
[White "Perez Rodriguez,L"]
[Black "Strikovic,A"]
[Result "1-0"]
[WhiteElo "2432"]
[BlackElo "2543"]

1.e4 d6 2.d4 Nf6 3.Nc3 e5 4.Nf3 Nbd7 5.Bc4 Be7 6.O-O O-O 7.Re1 c6 8.a4 b6
9.Ba2 a6 10.Be3 Rb8 11.Nh4 g6 12.Bh6 Re8 13.Nf3 Bf8 14.Ng5 Re7 15.Bxf8 Qxf8
16.dxe5 dxe5 17.Qd6 Bb7 18.Rad1 Rc8 19.f4 Ne8 20.Qd3 Rc7 21.Qh3 Nef6 22.f5 Bc8
23.Rf1 Nc5 24.Rd6 Nh5 25.Qh4 Kh8 26.fxg6  1-0

[Event "58th ch-RUS w 1st liga"]
[Site "Smolensk RUS"]
[Date "2008.02.28"]
[Round "2"]
[White "Shimanova,O"]
[Black "Avdeenko,T"]
[Result "0-1"]
[WhiteElo "1853"]
[BlackElo "2194"]

1.e4 d6 2.d4 Nf6 3.Nc3 e5 4.Nf3 Nbd7 5.Bc4 Be7 6.O-O O-O 7.Re1 c6 8.a4 exd4
9.Qxd4 Ne5 10.Nxe5 dxe5 11.Qxe5 Ng4 12.Qf4 Bd6 13.Qg5 Bxh2+ 14.Kf1 Qd4 15.Re2 Qxc4
16.g3 f6 17.Qf4 g5 18.Qd2 Ne5 19.Kg2 Qe6  0-1

[Event "58th ch-RUS w 1st liga"]
[Site "Smolensk RUS"]
[Date "2008.02.29"]
[Round "3"]
[White "Korchagina,V"]
[Black "Gorozhankina,J"]
[Result "1/2-1/2"]
[WhiteElo "2182"]
[BlackElo "2037"]

1.e4 d6 2.d4 Nf6 3.Nc3 e5 4.Nf3 Nbd7 5.Bg5 Be7 6.Qd2 c6 7.O-O-O a6 8.Bxf6 Bxf6
9.d5 c5 10.Kb1 b5 11.g4 Nb6 12.g5 Be7 13.h4 b4 14.Ne2 h5 15.gxh6 Rxh6 16.Rg1 Kf8
17.Ng5 Rxh4 18.f4 Bxg5 19.fxg5 Rg4 20.Rg3 Rxe4 21.Bh3 Bxh3 22.Rxh3 Qd7 23.Rdh1 Qg4
24.Ng3 Rd4 25.Qe1 Ke7 26.Rh4 Qxg5 27.Ne4 Rxe4 28.Qxe4 f5 29.Qf3 e4 30.Qh3 Rf8
31.Rf1 Nxd5 32.Rh5 Nf4 33.Rxg5 Nxh3 34.Rh5 g5 35.Rxh3 f4 36.Kc1 Ke6 37.Kd1 Ke5
38.Ke2 d5 39.Rg1 f3+ 40.Kf1 Kf4 41.Rhg3 Rg8 42.Rg4+ Ke3 43.Rxg5 Rd8 44.Re5 Kd2
45.Rgg5 Kxc2 46.Rxd5 Rxd5 47.Rxd5 c4 48.Rd4 c3 49.bxc3 bxc3 50.Ra4 Kb2 51.Rxa6 c2
52.Rb6+ Kxa2 53.Rc6  1/2-1/2

[Event "24th Open"]
[Site "Bad Woerishofen GER"]
[Date "2008.03.03"]
[Round "5"]
[White "Keller,M1"]
[Black "Galdunts,S"]
[Result "1/2-1/2"]
[WhiteElo "2237"]
[BlackElo "2483"]

1.e4 d6 2.d4 Nf6 3.Nc3 Nbd7 4.Nf3 e5 5.Bc4 Be7 6.O-O O-O 7.Re1 c6 8.a4 a5
9.h3 h6 10.dxe5 dxe5 11.Be3 Qc7 12.Nh4 Bc5 13.Nf5 Kh7 14.Qf3 Bxe3 15.Qxe3 Nb6
16.Bb3 Be6 17.Rad1 Nbd7 18.Rd2 b6 19.Red1 Bxf5 20.exf5 Nc5 21.f3 Nxb3 22.cxb3 Rfe8
23.Qd3 Ra7 24.Qc4 Re7 25.Rd6 Qc8 26.Rxc6 Qxf5 27.Ne4  1/2-1/2

[Event "10th Rector Cup"]
[Site "Kharkiv UKR"]
[Date "2008.03.03"]
[Round "8"]
[White "Simonian,H"]
[Black "Aveskulov,V"]
[Result "1-0"]
[WhiteElo "2435"]
[BlackElo "2532"]

1.e4 d6 2.d4 Nf6 3.Nc3 Nbd7 4.Nf3 e5 5.Bc4 Be7 6.dxe5 Nxe5 7.Nxe5 dxe5 8.Qxd8+ Bxd8
9.a4 a5 10.f3 c6 11.Be3 Nd7 12.Rd1 Nf8 13.Bxf7+ Kxf7 14.Rxd8 Ng6 15.Rxh8 Nxh8
16.Kf2 Ke8 17.Rd1 Nf7 18.Bb6 Be6 19.Ne2 Ra6 20.Bc7 b5 21.Nc1 Ra7 22.Bb6 Rb7
23.Bxa5 bxa4 24.Nd3 Bc4 25.Bc3 Bxd3 26.cxd3 c5 27.Ra1 Ra7 28.Ra3  1-0